MARC details
| 000 -CABECERA |
| campo de control de longitud fija |
02148nam a2200313 u 4500 |
| 001 - NÚMERO DE CONTROL |
| campo de control |
000009106 |
| 003 - IDENTIFICADOR DEL NÚMERO DE CONTROL |
| campo de control |
DO-SdBNP |
| 005 - FECHA Y HORA DE LA ÚLTIMA TRANSACCIÓN |
| campo de control |
20251209122844.0 |
| 008 - DATOS DE LONGITUD FIJA--INFORMACIÓN GENERAL |
| campo de control de longitud fija |
090928s2000 dr c 000 0 spa d |
| 020 ## - NÚMERO INTERNACIONAL ESTÁNDAR DEL LIBRO |
| Número Internacional Estándar del Libro |
999348007X |
| 040 ## - FUENTE DE LA CATALOGACIÓN |
| Centro catalogador/agencia de origen |
DO-SdBNP |
| Lengua de catalogación |
spa |
| Centro/agencia transcriptor |
BNPHU |
| 082 #4 - NÚMERO DE LA CLASIFICACIÓN DECIMAL DEWEY |
| Número de clasificación |
324.77293 |
| Número de documento/Ítem |
C957c |
| Número de edición |
22 |
| 100 1# - ENTRADA PRINCIPAL--NOMBRE DE PERSONA |
| Nombre de persona |
Cruz Infante, José A., |
| Forma completa/desarrollada del nombre |
(José Abigail) |
| 9 (RLIN) |
2460 |
| 245 13 - MENCIÓN DE TÍTULO |
| Título |
La campaña de Hipólito / |
| Mención de responsabilidad, etc. |
José Abigail Cruz Infante ; prólogo Darío Bencosme Báez. |
| 260 ## - PUBLICACIÓN, DISTRIBUCIÓN, ETC. |
| Lugar de publicación, distribución, etc. |
Santo Domingo : |
| Nombre del editor, distribuidor, etc. |
Manatí, |
| Fecha de publicación, distribución, etc. |
2000. |
| 300 ## - DESCRIPCIÓN FÍSICA |
| Extensión |
148 p. : |
| Otras características físicas |
retrs. ; |
| Dimensiones |
21 cm. |
| 505 0# - NOTA DE CONTENIDO CON FORMATO |
| Nota de contenido con formato |
Prólogo -- |
| Título |
El fenómeno Milagros: un caso para análisis -- |
| -- |
La agonía del momento -- |
| -- |
Que hacer para perder unas elecciones -- |
| -- |
El ciudadano de a pie y la campaña electoral -- |
| -- |
El porqué de una actitud iracunda -- |
| -- |
La educación y la escuela que necesitamos -- |
| -- |
Un documento oportuno: pacto político electoral panameño -- |
| -- |
A confesión de parte... -- |
| -- |
Internet, software y propiedad intelectual -- |
| -- |
Acuse de recibo -- |
| -- |
Rumores y realidades de la campanña 2000 -- |
| -- |
Una gran pregunta -- |
| -- |
¡Ellos tomaron las ciudades! -- |
| -- |
Detalles de una campaña electoral -- |
| -- |
Un duro ataque a la candidatura de Danilo-- |
| 505 0# - NOTA DE CONTENIDO CON FORMATO |
| Título |
Del pichirri y otras sabrosuras -- |
| -- |
Año nuevo: nuevos desafíos, nuevas esperanzas -- |
| -- |
Los reclamos de Moca y el bien común -- |
| -- |
Caminando con Hipólito en su campaña -- |
| -- |
El candidato y su propuesta de gobierno -- |
| -- |
La mujer en un gobierno de Hipólito Mejía -- |
| -- |
Un tremendo candidato -- |
| -- |
Los hechos de Moca y la primera vuelta -- |
| -- |
Un duro ataque a la candidatura de Danilo-- |
| -- |
Presidente electo ¿Y ahora?. |
| 590 ## - NOTA LOCAL (RLIN) |
| Nota local |
Inventariado, 2019/MFF |
| 600 10 - PUNTO DE ACCESO ADICIONAL DE MATERIA--NOMBRE DE PERSONA |
| Nombre de persona |
Mejía, Hipólito, |
| Fechas asociadas al nombre |
1941- |
| 9 (RLIN) |
78920 |
| 650 10 - PUNTO DE ACCESO ADICIONAL DE MATERIA--TÉRMINO DE MATERIA |
| Término de materia o nombre geográfico como elemento de entrada |
Campaña electoral |
| Subdivisión geográfica |
República Dominicana |
| Subdivisión cronológica |
2000 |
| 9 (RLIN) |
46157 |
| 650 14 - PUNTO DE ACCESO ADICIONAL DE MATERIA--TÉRMINO DE MATERIA |
| Término de materia o nombre geográfico como elemento de entrada |
Propaganda electoral |
| Subdivisión cronológica |
2000 |
| 9 (RLIN) |
23757 |
| 650 10 - PUNTO DE ACCESO ADICIONAL DE MATERIA--TÉRMINO DE MATERIA |
| Término de materia o nombre geográfico como elemento de entrada |
Presidentes |
| Subdivisión geográfica |
República Dominicana |
| Subdivisión cronológica |
2000 |
| 9 (RLIN) |
84055 |
| 650 10 - PUNTO DE ACCESO ADICIONAL DE MATERIA--TÉRMINO DE MATERIA |
| Término de materia o nombre geográfico como elemento de entrada |
Elecciones |
| Subdivisión geográfica |
República Dominicana |
| Subdivisión cronológica |
2000 |
| 9 (RLIN) |
6411 |
| 651 14 - PUNTO DE ACCESO ADICIONAL DE MATERIA--NOMBRE GEOGRÁFICO |
| Nombre geográfico |
República Dominicana |
| Subdivisión general |
Política y gobierno |
| Subdivisión cronológica |
2000 |
| 9 (RLIN) |
23759 |
| 700 12 - PUNTO DE ACCESO ADICIONAL--NOMBRE DE PERSONA |
| Nombre de persona |
Bencosme Báez, Darío, |
| Término indicativo de función/relación |
prólogo |
| 9 (RLIN) |
7058 |
| 910 ## - DATOS DE OPCIÓN DEL USUARIO (OCLC) |
| Datos de opción del usuario |
Validado. Control de calidad MFF |
| 942 ## - ELEMENTOS DE PUNTO DE ACCESO ADICIONAL (KOHA) |
| Fuente del sistema de clasificación o colocación |
Dewey Decimal Classification |
| Tipo de ítem Koha |
Libro |